Countries in Oceania Quiz - Statistics

General Stats
  • This quiz has been taken 110 times
  • The average score is 12 of 14
Answer Stats
Hint Answer % Correct
Canberra Australia
97%
Wellington New Zealand
97%
Suva Fiji
93%
Majuro Marshall Islands
89%
Nuku'alofa Tonga
89%
Port Moresby Papua New Guinea
87%
Yaren Nauru
86%
Funafuti Tuvalu
86%
Port Vila Vanuatu
86%
South Tarawa Kiribati
84%
Palikir Micronesia
84%
Apia Samoa
84%
Honiara Solomon Islands
84%
Ngerulmud or Koror Palau
80%
No matching quizzes found
Score Distribution
Percent of People with Each Score
Percentile by Number Answered
Your Score History
You have not taken this quiz